Music Quiz

Random Music or Song Quiz

Cat Stevens Top 40 Hits Quiz Stats

 Plays Quiz not verified by Sporcle

Score 0/11 Timer 03:00
0 Plays Today
Year Released Song % Correct
1971Peace Train
83.4%
1971Wild World
81.3%
1971Moonshadow
66.3%
1972Morning Has Broken
58.8%
1974Oh Very Young
42.8%
1974Another Saturday Night
40.6%
1973Sitting
31.6%
1975Two Fine People
14.4%
1977(Remember the Days of the) Old School Yard
14.4%
1973The Hurt
11.8%
1975Ready
8.6%

You're not logged in!

Compare scores with friends on all Sporcle quizzes.
OR
Log In

Show Comments

Extras

Top Quizzes Today


Score Distribution

Your Account Isn't Verified!

In order to create a playlist on Sporcle, you need to verify the email address you used during registration. Go to your Sporcle Settings to finish the process.

Report this User

Report this user for behavior that violates our Community Guidelines.

Details: